Text book of surveying (Record no. 9715)

000 -LEADER
fixed length control field 00462nam a2200193 4500
001 - CONTROL NUMBER
control field 9715
003 - CONTROL NUMBER IDENTIFIER
control field BD-DhUET
008 - FIXED-LENGTH DATA ELEMENTS--GENERAL INFORMATION
fixed length control field 150201b xxu||||| |||| 00| 0 eng d
040 ## - CATALOGING SOURCE
Original cataloging agency DLC
Transcribing agency DLC
Modifying agency BD-DhUET
082 ## - DEWEY DECIMAL CLASSIFICATION NUMBER
Classification number 526.9
Item number SHA/1982
100 ## - MAIN ENTRY--PERSONAL NAME
Personal name Shajahan, M.
245 ## - TITLE STATEMENT
Title Text book of surveying
250 ## - EDITION STATEMENT
Edition statement 1st ed.
260 ## - PUBLICATION, DISTRIBUTION, ETC. (IMPRINT)
Place of publication, distribution, etc. Dacca
Name of publisher, distributor, etc. Kazi Mahfuzur Rahman
Date of publication, distribution, etc. 1982
300 ## - PHYSICAL DESCRIPTION
Extent x, 367p.
Other physical details ill.
650 #0 - SUBJECT ADDED ENTRY--TOPICAL TERM
Topical term or geographic name as entry element Surveying
700 ## - ADDED ENTRY--PERSONAL NAME
Personal name Aziz, M. A.
942 ## - ADDED ENTRY ELEMENTS (KOHA)
Koha item type General Book
Holdings
Damaged status Koha normalized classification for sorting Not for loan Date acquired Shelving location Location (home branch) Koha date last seen Koha out on loan Koha date last borrowed Piece designation (barcode) Withdrawn status Copy number Koha item type Price effective from Sublocation or collection (holding branch) Koha full call number Source of classification or shelving scheme Lost status Koha issues (times borrowed)
 526_900000000000000_SHA_1982 2015-02-01Circulation sectionCentral Library, BUET2025-12-02 2024-11-1956198  1General Book2015-02-01Central Library, BUET526.9/SHA/1982  7
 526_900000000000000_SHA_1982 2015-03-24Circulation sectionCentral Library, BUET2024-11-192024-12-032024-11-1956200 2General Book2015-03-24Central Library, BUET526.9/SHA/1982  8
 526_900000000000000_SHA_1982 2015-06-08Reading sectionCentral Library, BUET2015-06-08  56191 3Reading Item2015-06-08Central Library, BUET526.9/SHA/1982   
 526_900000000000000_SHA_1982 2015-06-08Reading sectionCentral Library, BUET2015-06-08  56195 4Reading Item2015-06-08Central Library, BUET526.9/SHA/1982   
 526_900000000000000_SHA_1982 2015-06-09Reading sectionCentral Library, BUET2015-06-09  56192 5Reading Item2015-06-09Central Library, BUET526.9/SHA/1982   
 526_900000000000000_SHA_1982 2015-06-13Reading sectionCentral Library, BUET2015-06-13  56194 6Reading Item2015-06-13Central Library, BUET526.9/SHA/1982